Süllyed a kultúrpalota

Elmentve itt :
Bibliográfiai részletek
Dokumentumtípus: Cikk
Megjelent: 1923-06-20
Sorozat:Délmagyarország 4 No. 137
Kulcsszavak:Építésügy Szeged 1923
Online Access:http://dmarchiv.bibl.u-szeged.hu/45266
LEADER 00404nab a2200145 i 4500
001 delm45266
005 20180927131921.0
008 180927s1923 hu o 0|| hun d
040 |a SZTE Délmagyarország Archívum  |b hun 
041 |a hun 
245 0 0 |a Süllyed a kultúrpalota  |h [elektronikus dokumentum] 
260 |c 1923-06-20 
300 |a 3 
490 0 |a Délmagyarország  |v 4 No. 137 
695 |a Építésügy Szeged 1923